Universitäten, die Lebensmittelchemie anbieten - Statistiken

Allgemein
  • Dieses Quiz wurde 45 mal gespielt
    14 seit der letzten Aktualisierung
  • Das Durchschnittsergebnis liegt bei 10 aus 16
Antwortstatistiken
Bundesland Universität % Korrekt
Technische Universität Berlin
100%
Bayern Technische Universität München
100%
Universität Hamburg
100%
Bayern Friedrich-Alexander-Universität Erlangen-Nürnberg
88%
Baden-Württemberg Karlsruher Institut für Technologie
75%
Sachsen Technische Universität Dresden
75%
Nordrhein-Westfalen Universität Münster
75%
Sachsen-Anhalt Martin-Luther-Universität Halle-Wittenberg
63%
Nordrhein-Westfalen Rheinische Friedrich-Wilhelms-Universität Bonn
63%
Baden-Württemberg Universität Stuttgart
63%
Bayern Julius-Maximilians-Universität Würzburg
50%
Hessen Justus-Liebig-Universität Gießen
50%
Niedersachsen Technische Universität Carolo-Wilhelmina zu Braunschweig
50%
Rheinland-Pfalz Rheinland-Pfälzische Technische Universität Kaiserslautern-Landau
38%
Nordrhein-Westfalen Bergische Universität Wuppertal
25%
Baden-Württemberg Universität Hohenheim
25%
Keine übereinstimmenden Quizze gefunden
Verteilung der Resultate
Anzahl Personen mit jedem Resultat
Perzentil nach korrekt beantworteten Fragen
Ihre Resultats-Entwicklung
Sie haben dieses Quiz seit der letzten Aktualisierung nicht gespielt